Największe miasta byłej Czechosłowacji - Statystyki

Ogólne statystyki
  • Ten quiz został rozwiązany 219 razy
  • Średni wynik to 6 z 10
Statystyki odpowiedzi
Liczba ludności miasta % Poprawnych
1 240 000 Praga
100%
420 000 Bratysława
99%
400 000 Brno
85%
315 000 Ostrawa
82%
240 000 Koszyce
73%
170 000 Pilzno
58%
110 000 Liberec
50%
100 000 Ołomuniec
45%
95 000 Hradec Králové
28%
98 000 Uście nad Łabą
11%
Nie znaleziono quizów pasujących do podanych kryteriów
Rozkład punktacji
Procent ludzi z każdym wynikiem
Percentyl według liczby udzielonych odpowiedzi
Twoja historia wyników
Nie rozwiązałeś tego quizu